Grant$ for women and girls /

Saved in:
நூற்பட்டியல் விவரங்கள்
குழும எழுத்தாளர்: Foundation Center.
வடிவம்: தொடர்
மொழி:English
வெளியீடப்பட்டது: New York, N.Y. : The Center, 1982-
பகுதிகள்:
குறியீடுகள்: குறிச்சொல் இணை
குறியீடுகள் இல்லை, இந்த குறிச்சொல்லை முதலில் பதிவு செய்யுங்கள்!
LEADER 01282cas a2200385 a 4500
001 007746405-2
005 20050909132929.0
008 831012c19829999nyuar1 r 0 a0eng d
010 |a  92643978   |z sn 88012994  
022 0 |a 1064-4377 
035 0 |a ocm10003929 
037 |b The Foundation Center, 79 Fifth Ave., New York, NY 10003 
040 |a EYW  |c EYW  |d NST  |d IUL  |d NST  |d DLC  |d NSD  |d NST  |d DLC  |d COO  |d GUA  |d OCLCQ 
042 |a lc  |a nsdp 
043 |a n-us--- 
050 0 0 |a AS911.A2  |b G64 
082 0 0 |a 001.4/4  |2 20 
210 0 |a Grants women girls 
222 0 |a Grants for women and girls 
245 0 0 |a Grant$ for women and girls /  |c The Foundation Center. 
246 3 0 |a Grants for women and girls 
246 1 8 |a Women and girls  |f <1991/1992-> 
260 |a New York, N.Y. :  |b The Center,  |c 1982- 
300 |a v. ;  |c 28 cm. 
310 |a Annual 
362 0 |a 1982- 
500 |a Vols. for 1982- include Recipient index and Key word index. 
500 |a "COMSEARCH broad topics." 
500 |a "Grant guide"--Introd. 1991. 
500 |a Latest issue consulted: 1991/1992. 
650 0 |a Women  |x Scholarships, fellowships, etc.  |v Directories. 
650 0 |a Girls  |x Scholarships, fellowships, etc.  |v Directories. 
710 2 |a Foundation Center. 
988 |a 20020608 
906 |0 OCLC